Score 0/26 Timer 10:00
0 Plays Today
Letter Answer % Correct
OOur A-Story is a 'D' Story
97.4%
BBoJack Horseman: The BoJack Horseman Story, Chapter One
94.7%
LLive Fast, Diane Nguyen
94.7%
FFish Out of Water
92.1%
SSay Anything
92.1%
TThe Telescope
92.1%
RRuthie
89.5%
EEscape from L.A.
86.8%
HHorse Majeure
86.8%
VThe View From Halfway Down
86.8%
AAfter the Party
84.2%
IIt's You
84.2%
YYesterdayland
84.2%
Letter Answer % Correct
CChickens
81.6%
DDowner Ending
78.9%
NThe New Client
78.9%
ZZoës and Zeldas
78.9%
XXerox of a Xerox
76.3%
PPrickly-Muffin
68.4%
QA Quick One, While He's Away
68.4%
UUnderground
68.4%
GGood Damage
63.2%
JThe Judge
63.2%
WWhat Time Is It Right Now
63.2%
MMr. Peanutbutter's Boos
55.3%
KThe Kidney Stays in the Picture
50%
Come Together.
Have Fun.
All Virtual.
We all need to come together. Play Sporcle's virtual live trivia to have fun, connect with people, and get your trivia on. Join a live hosted trivia game for your favorite pub trivia experience done virtually. If a virtual private party is more your thing, go here for details.

You're not logged in!

Compare scores with friends on all Sporcle quizzes.
OR
Log In

Sporcle TV

Today on Sporcle TV


Watch our educational content, quiz creation guides, and fun videos on Sporcle TV.

Show Comments

Extras

Top Quizzes Today


Score Distribution

Paid Content

Your Account Isn't Verified!

In order to create a playlist on Sporcle, you need to verify the email address you used during registration. Go to your Sporcle Settings to finish the process.

Report this User

Report this user for behavior that violates our Community Guidelines.

Details: